مكتبة جامعة عجلون الوطنية

فهرس بحث المكتبة

التقويم في التربية الرياضية بين التحولات الرقمية ومسرعات الانجاز الرياضي / (Record no. 34037)

MARC details
000 -LEADER
fixed length control field 00897nam a22002177a 4500
003 - CONTROL NUMBER IDENTIFIER
control field JO-AjAnu
005 - DATE AND TIME OF LATEST TRANSACTION
control field 20251012091557.0
008 - FIXED-LENGTH DATA ELEMENTS--GENERAL INFORMATION
fixed length control field 251011b jo ||||| |||| 00| 0 ara d
020 ## - INTERNATIONAL STANDARD BOOK NUMBER
International Standard Book Number 9789957338824
040 ## - CATALOGING SOURCE
Original cataloging agency JO-AjAnu
Language of cataloging ara
Transcribing agency JO-AjAnu
Modifying agency JO-AjAnu
Description conventions rda
041 ## - LANGUAGE CODE
Language code of text/sound track or separate title ara
Language code of original ara
050 ## - LIBRARY OF CONGRESS CALL NUMBER
Classification number GV435
Item number 2022
100 #1 - MAIN ENTRY--PERSONAL NAME
Personal name غازي، محمد عاصم
Relator term مؤلف
9 (RLIN) 66738
245 #0 - TITLE STATEMENT
Title التقويم في التربية الرياضية بين التحولات الرقمية ومسرعات الانجاز الرياضي /
Statement of responsibility, etc. محمد عاصم غازي
250 ## - EDITION STATEMENT
Edition statement الطبعة الاولى
260 ## - PUBLICATION, DISTRIBUTION, ETC.
Place of publication, distribution, etc. عمان :
Name of publisher, distributor, etc. مؤسسة الوراق للنشر والتوزيع،
Date of publication, distribution, etc. 2022
300 ## - PHYSICAL DESCRIPTION
Extent 141 صفحة
504 ## - BIBLIOGRAPHY, ETC. NOTE
Bibliography, etc. note يحتوي على قائمة مراجع
650 70 - SUBJECT ADDED ENTRY--TOPICAL TERM
Topical term or geographic name entry element التربية الرياضية-الانجاز الرياضي- العصر الرقمي
9 (RLIN) 66739
942 ## - ADDED ENTRY ELEMENTS (KOHA)
Source of classification or shelving scheme Library of Congress Classification
Koha item type Books
Suppress in OPAC No
Holdings
Withdrawn status Lost status Source of classification or shelving scheme Damaged status Not for loan Home library Current library Date acquired Total Checkouts Full call number Barcode Date last seen Price effective from Koha item type
    Library of Congress Classification     مكتبة جامعة عجلون الوطنية مكتبة جامعة عجلون الوطنية 11/10/2025   GV435 2022 a30466 11/10/2025 11/10/2025 Books